Vista normal
Vista MARC
- Venturini, Osvaldo J.
Entrada Nombre personal
Número de registros utilizados en: 3
001 - NÚMERO DE CONTROL
- campo de control: 41353
003 - IDENTIFICADOR DEL NÚMERO DE CONTROL
- campo de control: OSt
005 - FECHA Y HORA DE LA ÚLTIMA TRANSACCIÓN
- campo de control: 20200109095617.0
008 - DATOS DE LONGITUD FIJA
- campo de control de longitud fija: 200109|| aca||aabn | a|a d
040 ## - FUENTE DE LA CATALOGACIÓN
- Centro catalogador/agencia de origen: OSt
- Centro/agencia transcriptor: OSt
100 ## - ENCABEZAMIENTO-NOMBRE DE PERSONA
- Nombre de persona: Venturini, Osvaldo J.
670 ## - FUENTE DE DATOS ENCONTRADOS
- Cita de la fuente: Work cat.: (OSt)26526: Yáñez A., dgar E. 41346, Análisis de sensibilidad de la cogeneración utilizando biomasa en el análisis de ciclo de vida del biodiésel de aceite de palma, 2008